000 00363nam a2200133Ia 4500
005 20260326235505.0
008 260326s9999||||xx |||||||||||||| ||und||
100 _aTord, Luis Enrique
245 0 _aArequipa :
_b Artistica y monumental /
_cLuis Enrique Tord
260 _bBanco del Sur del PerĂº
300 _a205 p.
650 _aARQUITECTURA REGIONAL
942 _cBK
999 _c8149
_d8149